首都が最大都市でない国の最大都市 - Statistics

General Stats
  • This quiz has been taken 741 times
  • The average score is 13 of 32
Answer Stats
首都 最大都市(または事実上の首都) % Correct
アメリカ合衆国 ワシントンD.C. ニューヨーク
99%
オーストラリア キャンベラ シドニー
96%
中華人民共和国 北京 上海
92%
アラブ首長国連邦 アブダビ ドバイ
91%
トルコ アンカラ イスタンブール
85%
カナダ オタワ トロント
77%
ベトナム ハノイ ホーチミン
74%
インド デリー ムンバイ
70%
ブラジル ブラジリア サンパウロ
70%
スイス ベルン チューリッヒ
54%
ニュージーランド ウェリントン オークランド
52%
ミャンマー ネピドー ヤンゴン
50%
パキスタン イスラマバード カラチ
47%
南アフリカ共和国 プレトリア ヨハネスブルグ
47%
スリランカ スリジャヤワルダナプラコッテ コロンボ
46%
ナイジェリア アブジャ ラゴス
41%
モロッコ ラバト カサブランカ
36%
タンザニア ドドマ ダルエスサラーム
33%
ボリビア スクレ ラパス
33%
カザフスタン アスタナ アルマトイ
26%
コートジボワール ヤムスクロ アビジャン
20%
エクアドル キト グアヤキル
19%
パラオ マルキョク コロール
14%
フィリピン マニラ ケソン
14%
カメルーン ヤウンデ ドゥアラ
9%
ベリーズ ベルモパン ベリーズシティ
9%
ベナン ポルトノボ コトヌー
8%
スーダン ハルツーム オムドゥルマン
7%
リヒテンシュタイン ファドゥーツ シャーン
3%
ガンビア バンジュール セレクンダ
2%
サンマリノ サンマリノ セラヴァッレ/ドガーナ
2%
赤道ギニア マラボ バタ
2%
No matching quizzes found
Score Distribution
Percent of People with Each Score
Percentile by Number Answered
Your Score History
You have not taken this quiz